000 02556nkm0a2200457 4500
001 RU\NLR\DIGIT\522716
005 20260204000000.0
020 _aRU
_b733
_9ЛЕНИНГРАД В ВЕЛИКОЙ ОТЕЧЕСТВЕННОЙ ВОЙНЕ: Печать Ленинграда, 1941 - 1945: каталог изданий, хранящихся в фондах Государственной Публичной библиотеки, вып.2. Листовки,плакаты,открытки,альбомы/Гос.публ.б-ка им.М.Е.Салтыкова-Щедрина. - Ленинград,1972
035 _a(NLR Aleph) 010471037
090 _a75820
_c75820
100 _a20140620d1942 m y0rusy50 ca
101 0 _arus
102 _aRU
116 _adiycxx bi ad
135 _acrcn 024anaba
200 1 _aРазгромим и уничтожим врага! Грудью защитим нашу священную Родину!
_e[Плакат]
_fХудож. Я.С. Николаев
210 _aМ.-Л.
_cИскусство
_d1942
215 _a1 л.
_d104х60 см
316 _aЭкз. дефектн.: внизу отсутствует часть текста
_5NLR Л3-310 п 26/3-5
325 _aКопия доступна в электронной библиотеке РНБ
327 1 _aЗа силуэтом Кремлевской стены - бойцы, идущие в атаку
540 1 _aXXV лет Октября
606 1 _aБлокада Ленинграда
_z1941 - 1944
_jПлакаты
_2nlr_sh1
_2nlr_sh2
_3RU\NLR\AUTH\661253360
608 _aПлакаты общественно-политические
_2nlr-sh2
610 0 _aПлакаты
702 1 _aНиколаев
_bЯ. С.
_cхудожник
_f1899-1978
_gЯрослав Сергеевич
_3RU\NLR\AUTH\770128798
_4040
801 2 _aRU
_bNLR
_c20110204
_2rusmarc
852 _aNLR
_bЛ3-310 п
_j26/3-5
852 0 0 _aNLR
_bЭ
_jПлИр995/8-7
_mЭ031298
852 0 0 _aNLR
_bЭ
_jПлИр995/8-7
_mЭ031299
856 0 _uhttp://vivaldi.nlr.ru/la000010268/view
856 1 _uhttp://vivaldi.nlr.ru/la000010268/cover
856 2 _uhttp://vivaldi.nlr.ru/la000010268/text
942 _cVISUAL
945 _aРоссийская национальная библиотека
980 _aNB
980 _aBV
981 3 7 _a(37) Ленинград в Великой Отечественной войне
981 1 7 _a(17) Изографические материалы
_b(17) Плакаты